[Event "Cattolica op 2nd"]
[Site "Cattolica"]
[Date "2006.06.13"]
[Round "2"]
[White "Cetkovic, Sergio"]
[Black "Pipitone, Antonio"]
[Result "1-0"]
[WhiteElo "2101"]
[BlackElo "1994"]
[PlyCount "59"]
[EventDate "2006.06.12"]
[EventType "swiss"]
[EventRounds "6"]
[EventCountry "ITA"]
[SourceTitle "EXT 2024"]
[Source "ChessBase"]
[SourceDate "2023.10.10"]
[SourceVersion "1"]
[SourceVersionDate "2023.10.10"]
[SourceQuality "1"]

1. e4 c5 2. Nf3 d6 3. c3 Nf6 4. h3 Nc6 5. d4 cxd4 6. cxd4 e6 7. Nc3 Be7 8. Bd3 a6 9. 0-0 Qc7 10. Be3 Bd7 11. Rc1 Qa5 12. a3 0-0 13. Qd2 Rac8 14. b4 Qd8 15. Rfd1 b5 16. Bb1 g6 17. d5 exd5 18. exd5 Nb8 19. Bd4 Nh5 20. g4 Ng7 21. Qh6 Ne8 22. Re1 Rc4 23. Ne4 Rxd4 24. Nxd4 f5 25. gxf5 Bxf5 26. Qe3 Qd7 27. Nxf5 Rxf5 28. Nf6+ Nxf6 29. Bxf5 Qxf5 30. Qxe7 1-0

[Event "Cutro op-A 12th"]
[Site "Cutro"]
[Date "2006.04.30"]
[Round "8"]
[White "Van Hoolandt, Patrick"]
[Black "Cetkovic, Sergio"]
[Result "1-0"]
[WhiteElo "2246"]
[BlackElo "2101"]
[PlyCount "105"]
[EventDate "2006.04.23"]
[EventType "swiss"]
[EventRounds "9"]
[EventCountry "ITA"]
[SourceTitle "CBM 111 Extra"]
[Source "ChessBase"]
[SourceDate "2006.05.09"]
[SourceVersion "1"]
[SourceVersionDate "2006.05.09"]
[SourceQuality "1"]

1. d4 d6 2. Nf3 Nf6 3. c4 g6 4. Nc3 Bg7 5. e4 0-0 6. Be2 e5 7. 0-0 Nc6 8. d5 Ne7 9. Ne1 c6 10. Rb1 cxd5 11. cxd5 Ne8 12. f3 f5 13. g4 fxg4 14. fxg4 Rxf1+ 15. Kxf1 Nf6 16. g5 Bh3+ 17. Kf2 Nh5 18. Bxh5 gxh5 19. Qxh5 Bd7 20. Ng2 b5 21. Qe2 b4 22. Nd1 Rc8 23. Be3 Qa5 24. b3 Bb5 25. Qd2 Rf8+ 26. Kg3 Ng6 27. a4 Bd7 28. h4 Qa6 29. Nf2 Nf4 30. Re1 h6 31. Kh2 hxg5 32. hxg5 Qb7 33. Nxf4 exf4 34. Bd4 Be5 35. Bxe5 dxe5 36. Nd3 f3 37. Kg3 a5 38. Rh1 f2 39. Nxf2 Be8 40. Nd3 Qf7 41. Nxe5 Qg7 42. Nf3 Qd7 43. Rh4 Qd6+ 44. Kg2 Qa6 45. Rh6 Qb7 46. Qd4 Qg7 47. Qxg7+ Kxg7 48. Nd4 Rf4 49. Nc6 Bxc6 50. Rxc6 Rg4+ 51. Kf2 Rxg5 52. d6 Kf7 53. Ke3 1-0

[Event "Cutro op-A 12th"]
[Site "Cutro"]
[Date "2006.04.27"]
[Round "5"]
[White "Cetkovic, Sergio"]
[Black "Brancaleoni, Maurizio"]
[Result "1/2-1/2"]
[WhiteElo "2101"]
[BlackElo "2286"]
[PlyCount "40"]
[EventDate "2006.04.23"]
[EventType "swiss"]
[EventRounds "9"]
[EventCountry "ITA"]
[SourceTitle "CBM 111 Extra"]
[Source "ChessBase"]
[SourceDate "2006.05.09"]
[SourceVersion "1"]
[SourceVersionDate "2006.05.09"]
[SourceQuality "1"]

1. e4 d6 2. d4 Nf6 3. f3 c5 4. dxc5 Qa5+ 5. Nd2 Qxc5 6. Nb3 Qb6 7. Qd3 Nc6 8. Bd2 Bd7 9. Bc3 e5 10. 0-0-0 Nb4 11. Bxb4 Qxb4 12. Qd2 Qxd2+ 13. Rxd2 a5 14. Kb1 b5 15. g4 h6 16. Ne2 b4 17. Ng3 g6 18. h4 Bc6 19. Bc4 Ra7 20. h5 Rh7 1/2-1/2

[Event "Cutro op-A 12th"]
[Site "Cutro"]
[Date "2006.04.26"]
[Round "4"]
[White "Cordi, Domenico"]
[Black "Cetkovic, Sergio"]
[Result "0-1"]
[WhiteElo "2065"]
[BlackElo "2101"]
[PlyCount "114"]
[EventDate "2006.04.23"]
[EventType "swiss"]
[EventRounds "9"]
[EventCountry "ITA"]
[SourceTitle "CBM 111 Extra"]
[Source "ChessBase"]
[SourceDate "2006.05.09"]
[SourceVersion "1"]
[SourceVersionDate "2006.05.09"]
[SourceQuality "1"]

1. e4 d6 2. Nf3 Nf6 3. Nc3 g6 4. d4 Bg7 5. Bc4 0-0 6. Bb3 Nc6 7. h3 Na5 8. Be3 Nxb3 9. axb3 c6 10. 0-0 b6 11. b4 Bb7 12. Qd2 Qc8 13. Bh6 c5 14. bxc5 Nxe4 15. Nxe4 Bxe4 16. Bxg7 Kxg7 17. Ng5 Bb7 18. cxd6 exd6 19. f4 h6 20. Nf3 Re8 21. Nh4 Re4 22. Qf2 Qd8 23. Rfe1 Qf6 24. Rxe4 Bxe4 25. Re1 Bxc2 26. Qxc2 Qxh4 27. Qe4 d5 28. Qe5+ Qf6 29. Rc1 Qxe5 30. fxe5 Kf8 31. Rc7 Ke8 32. Kh2 a6 33. Rb7 b5 34. Rb6 Ke7 35. b3 Ra7 36. h4 h5 37. g3 Rc7 38. Rxa6 Rc2+ 39. Kh3 Rd2 40. Rd6 Rxd4 41. Kg2 b4 42. Rb6 Rd3 43. Rd6 Rxb3 44. Rxd5 Ke6 45. Rb5 Kf5 46. Rb7 Ke6 47. Rb6+ Kf5 48. Rb7 Kxe5 49. Rxf7 Rb1 50. Kf2 b3 51. Kg2 Rc1 52. Rb7 Rc3 53. Kf2 Kd5 54. Rg7 Kc4 55. Rxg6 b2 56. Rb6 Rb3 57. Rc6+ Kb5 0-1

[Event "Cutro op-A 12th"]
[Site "Cutro"]
[Date "2006.04.24"]
[Round "2"]
[White "Voiska, Margarita"]
[Black "Cetkovic, Sergio"]
[Result "1-0"]
[WhiteElo "2314"]
[BlackElo "2101"]
[PlyCount "111"]
[EventDate "2006.04.23"]
[EventType "swiss"]
[EventRounds "9"]
[EventCountry "ITA"]
[SourceTitle "CBM 111 Extra"]
[Source "ChessBase"]
[SourceDate "2006.05.09"]
[SourceVersion "1"]
[SourceVersionDate "2006.05.09"]
[SourceQuality "1"]

1. d4 Nf6 2. c4 g6 3. Nc3 Bg7 4. e4 d6 5. Bd3 e5 6. d5 a5 7. Nge2 Na6 8. 0-0 Nc5 9. Bc2 0-0 10. h3 Nh5 11. g4 Nf6 12. f3 Ne8 13. Ng3 Qh4 14. Kg2 Bh6 15. Qe1 Bf4 16. Bxf4 exf4 17. Nge2 Qxe1 18. Raxe1 g5 19. h4 h6 20. Nd4 f6 21. Rh1 Kg7 22. Ncb5 Bd7 23. hxg5 fxg5 24. e5 dxe5 25. Rxe5 Rf7 26. Ne6+ Nxe6 27. dxe6 Re7 28. exd7 Rxe5 29. dxe8Q Raxe8 30. Be4 Rc5 31. Nd4 Rxc4 32. Nf5+ Kf8 33. Rxh6 Rcxe4 34. fxe4 Rxe4 35. Kf3 Rc4 36. Rf6+ Ke8 37. Re6+ Kd8 38. Re4 Rc2 39. Re2 Rc1 40. Nd4 Rf1+ 41. Kg2 Rd1 42. Ne6+ Kd7 43. Nxg5 Rd3 44. Nf3 Kd6 45. Rd2 Rxd2+ 46. Nxd2 b5 47. Kf3 Ke5 48. Ke2 a4 49. Nf3+ Kd5 50. Kd3 c5 51. g5 b4 52. b3 a3 53. g6 c4+ 54. bxc4+ Ke6 55. c5 Kf6 56. Kc4 1-0

[Event "Cutro op-A 11th"]
[Site "Cutro"]
[Date "2005.04.28"]
[Round "6"]
[White "Mrdja, Milan"]
[Black "Cetkovic, Sergio"]
[Result "1-0"]
[WhiteElo "2373"]
[BlackElo "2121"]
[PlyCount "51"]
[EventDate "2005.04.23"]
[EventType "swiss"]
[EventRounds "9"]
[EventCountry "ITA"]
[SourceTitle "CBM 106 Extra"]
[Source "ChessBase"]
[SourceDate "2005.07.01"]
[SourceVersion "1"]
[SourceVersionDate "2005.07.01"]
[SourceQuality "1"]

1. e4 e5 2. Bc4 Nf6 3. d3 Bc5 4. Nf3 d6 5. c3 0-0 6. 0-0 Nc6 7. Bg5 a6 8. Nbd2 Na5 9. Bd5 Ba7 10. a4 Nc6 11. b4 Be6 12. b5 Bxd5 13. exd5 Ne7 14. Bxf6 gxf6 15. Nh4 Kh8 16. Qf3 Ng6 17. Nf5 axb5 18. axb5 Bb6 19. Rxa8 Qxa8 20. Ne4 Qd8 21. g3 Ba5 22. h4 Rg8 23. h5 Ne7 24. Nh6 Rg7 25. Qxf6 Qf8 26. Ng5 1-0

[Event "Cutro op 10th"]
[Site "Cutro"]
[Date "2004.05.01"]
[Round "9"]
[White "Blasco, Domenico"]
[Black "Cetkovic, Sergio"]
[Result "0-1"]
[WhiteElo "2032"]
[BlackElo "2122"]
[PlyCount "124"]
[EventDate "2004.04.23"]
[EventType "swiss"]
[EventRounds "9"]
[EventCountry "ITA"]
[SourceTitle "EXT 2007"]
[Source "ChessBase"]
[SourceDate "2006.11.23"]
[SourceVersion "1"]
[SourceVersionDate "2006.11.23"]
[SourceQuality "1"]

1. c4 Nf6 2. Nc3 e6 3. e4 d5 4. exd5 exd5 5. cxd5 Nxd5 6. Nxd5 Qxd5 7. Qf3 Be6 8. Bd3 Qxf3 9. Nxf3 Nc6 10. Bb5 0-0-0 11. Bxc6 bxc6 12. 0-0 Be7 13. d4 Bc4 14. Rd1 Be2 15. Re1 Bxf3 16. Rxe7 Bd5 17. Bf4 Rd7 18. Rxd7 Kxd7 19. Re1 Rb8 20. b3 Rb6 21. h3 a5 22. Re2 a4 23. bxa4 Ra6 24. Rb2 Rxa4 25. Be3 Bxa2 26. Kh2 Bd5 27. Rb8 h5 28. Rh8 g6 29. g4 hxg4 30. hxg4 c5 31. dxc5 Rxg4 32. Kh3 Be6 33. Kh2 Kc6 34. Rd8 Bd5 35. Kh3 Rc4 36. Kg3 f5 37. Rf8 Rg4+ 38. Kh3 Bg2+ 39. Kh2 Bf3 40. Kh3 Kb5 41. Rf7 c6 42. Rf6 Kc4 43. Rf8 Kd3 44. Rd8+ Bd5 45. Rd7 Ke2 46. Rb7 Rg1 47. Kh2 Rg2+ 48. Kh3 g5 49. Bd4 g4+ 50. Kh4 f4 51. Kg5 Kd3 52. Be5 f3 53. Rb2 Ke4 54. Bg3 Kd4 55. Kxg4 Kxc5 56. Rb1 Kd4 57. Kf4 Kd3 58. Rd1+ Ke2 59. Rc1 Kd2 60. Ra1 Kc2 61. Ke3 Kc3 62. Rc1+ Kb2 0-1

[Event "Cutro op 10th"]
[Site "Cutro"]
[Date "2004.04.25"]
[Round "3"]
[White "Cetkovic, Sergio"]
[Black "Palac, Mladen"]
[Result "0-1"]
[WhiteElo "2122"]
[BlackElo "2565"]
[PlyCount "78"]
[EventDate "2004.04.23"]
[EventType "swiss"]
[EventRounds "9"]
[EventCountry "ITA"]
[SourceTitle "EXT 2007"]
[Source "ChessBase"]
[SourceDate "2006.11.23"]
[SourceVersion "1"]
[SourceVersionDate "2006.11.23"]
[SourceQuality "1"]

1. d4 Nf6 2. Nf3 g6 3. Bg5 Bg7 4. c3 0-0 5. Nbd2 d6 6. e3 Qe8 7. Bc4 e5 8. dxe5 dxe5 9. e4 Nbd7 10. h3 h6 11. Be3 b6 12. Qc2 Bb7 13. 0-0-0 Qe7 14. Nh2 a6 15. Ng4 h5 16. Nxf6+ Bxf6 17. g4 hxg4 18. hxg4 Bg5 19. Qd3 Nc5 20. Bxc5 Qxc5 21. Qh3 Kg7 22. Qh7+ Kf6 23. f4 Bxf4 24. Qh4+ g5 25. Qh6+ Ke7 26. Rhf1 Qd6 27. Qh7 Qf6 28. Qh1 Rad8 29. Kc2 Rh8 30. Qg2 Qg6 31. Bd3 Rh2 32. Qf3 Rxd3 33. Kxd3 Rxd2+ 34. Rxd2 Qd6+ 35. Kc2 Qxd2+ 36. Kb1 f5 37. gxf5 g4 38. Qh1 Qh2 39. f6+ Kf7 0-1

[Event "Cutro op 10th"]
[Site "Cutro"]
[Date "2004.04.24"]
[Round "2"]
[White "Janev, Evgeni"]
[Black "Cetkovic, Sergio"]
[Result "1/2-1/2"]
[WhiteElo "2405"]
[BlackElo "2122"]
[PlyCount "120"]
[EventDate "2004.04.23"]
[EventType "swiss"]
[EventRounds "9"]
[EventCountry "ITA"]
[SourceTitle "EXT 2007"]
[Source "ChessBase"]
[SourceDate "2006.11.23"]
[SourceVersion "1"]
[SourceVersionDate "2006.11.23"]
[SourceQuality "1"]

1. e4 e5 2. Nf3 Nf6 3. Nxe5 d6 4. Nf3 Nxe4 5. Nc3 Nxc3 6. dxc3 Be7 7. Bf4 0-0 8. Qd2 Nc6 9. 0-0-0 Bf6 10. Bd3 Bg4 11. Be4 Re8 12. Rde1 Qd7 13. Qd3 g6 14. Ng5 Ne5 15. Qg3 Bf5 16. h4 h5 17. Bxf5 Qxf5 18. Ne4 Bg7 19. f3 Nc4 20. Qg5 Qxg5 21. hxg5 Re6 22. b3 Ne5 23. c4 Rae8 24. Rd1 b6 25. Nc3 Nxc4 26. Nd5 Na3 27. Nxc7 Re2 28. Rd2 Rxd2 29. Nxe8 Rxc2+ 30. Kd1 Rxa2 31. Nxg7 Kxg7 32. g4 Nb5 33. Bd2 hxg4 34. fxg4 Kf8 35. Rh3 Ke7 36. Re3+ Kd7 37. Rd3 Ra1+ 38. Bc1 a5 39. Kc2 Na3+ 40. Kd2 Ra2+ 41. Ke3 b5 42. Kf3 b4 43. Rd5 Rc2 44. Bf4 Rc6 45. Rxa5 Ke6 46. Bd2 Nc2 47. Ke4 Rb6 48. Kd3 Na3 49. Ra4 Kd5 50. Bxb4 Nb5 51. Bd2 Rb7 52. Rb4 Kc5 53. Rf4 Kd5 54. Be3 Rc7 55. Rc4 Re7 56. Rb4 Kc6 57. Ra4 Rb7 58. Ra6+ Kd5 59. Ra5 Kc6 60. Ra6+ Kd5 1/2-1/2

[Event "Cutro op 10th"]
[Site "Cutro"]
[Date "2004.04.23"]
[Round "1"]
[White "Lazic, Miroljub"]
[Black "Cetkovic, Sergio"]
[Result "1-0"]
[WhiteElo "2481"]
[BlackElo "2122"]
[PlyCount "71"]
[EventDate "2004.04.23"]
[EventType "swiss"]
[EventRounds "9"]
[EventCountry "ITA"]
[SourceTitle "EXT 2007"]
[Source "ChessBase"]
[SourceDate "2006.11.23"]
[SourceVersion "1"]
[SourceVersionDate "2006.11.23"]
[SourceQuality "1"]

1. e4 c6 2. d4 d5 3. f3 dxe4 4. fxe4 e5 5. Nf3 exd4 6. Bc4 Be6 7. Bxe6 fxe6 8. 0-0 e5 9. Nxe5 Nf6 10. Bg5 Nbd7 11. Nxd7 Qxd7 12. Nd2 Be7 13. e5 Nd5 14. Bxe7 Qxe7 15. Nc4 0-0-0 16. Qxd4 Kb8 17. Nd6 Rhf8 18. c4 Nc7 19. Rxf8 Rxf8 20. Rf1 Rxf1+ 21. Kxf1 Ne6 22. Qxa7+ Kxa7 23. Nc8+ Ka6 24. Nxe7 Ka5 25. Nf5 Kb4 26. Nd6 b6 27. Ke2 Kc5 28. Ke3 b5 29. cxb5 cxb5 30. Ne4+ Kd5 31. Nc3+ Kc4 32. Ne2 b4 33. Nf4 Nd4 34. b3+ Kc5 35. Ke4 Nc6 36. Ne6+ 1-0

[Event "Arco op 25th"]
[Site "Arco"]
[Date "2003.10.21"]
[Round "4"]
[White "Cetkovic, Sergio"]
[Black "Luciani, Carlo"]
[Result "1-0"]
[WhiteElo "2106"]
[BlackElo "2233"]
[PlyCount "75"]
[EventDate "2003.10.18"]
[EventType "swiss"]
[EventRounds "9"]
[EventCountry "ITA"]
[SourceTitle "EXT 2004"]
[Source "ChessBase"]
[SourceDate "2003.11.25"]
[SourceVersion "1"]
[SourceVersionDate "2003.11.25"]
[SourceQuality "1"]

1. d4 c5 2. c3 Qc7 3. Nf3 Nf6 4. e3 b6 5. Be2 g6 6. 0-0 Bg7 7. Na3 Bb7 8. Nb5 Qc8 9. Re1 0-0 10. b3 Ne4 11. Bb2 a6 12. Na3 b5 13. Rc1 d6 14. Nb1 Qc6 15. Nbd2 f5 16. Nxe4 Qxe4 17. Bd3 Qg4 18. Be2 f4 19. h3 Qc8 20. c4 fxe3 21. fxe3 Bh6 22. Qd2 Qe6 23. Kf2 b4 24. d5 Qe4 25. Qd3 Qh4+ 26. Kg1 Qg3 27. Rf1 Nd7 28. Qe4 e5 29. Rce1 Nf6 30. Qh4 Bxe3+ 31. Kh1 Nh5 32. Qe7 Bc8 33. Ng5 Nf6 34. Ne4 Qxe1 35. Nxf6+ Rxf6 36. Rxe1 Rf7 37. Qd8+ Rf8 38. Qxd6 1-0

[Event "Lido degli Estensi op 4th"]
[Site "Lido degli Estensi"]
[Date "2003.06.11"]
[Round "5"]
[White "Cetkovic, Sergio"]
[Black "Franchini, Gabriele"]
[Result "0-1"]
[WhiteElo "2115"]
[BlackElo "2178"]
[PlyCount "138"]
[EventDate "2003.06.06"]
[EventType "swiss"]
[EventRounds "9"]
[EventCountry "ITA"]
[SourceTitle "CBM 094 Extra"]
[Source "ChessBase"]
[SourceDate "2003.07.09"]
[SourceVersion "2"]
[SourceVersionDate "2003.07.09"]
[SourceQuality "1"]

1. d4 Nf6 2. Nf3 e6 3. Bg5 Be7 4. Nbd2 d5 5. e3 c5 6. c3 Nbd7 7. Bd3 Qc7 8. 0-0 0-0 9. Rc1 c4 10. Bb1 b5 11. e4 dxe4 12. Nxe4 Bb7 13. Nxf6+ Bxf6 14. Bxf6 Nxf6 15. Ne5 Rad8 16. Re1 Rd5 17. Qe2 Nd7 18. Be4 Nxe5 19. dxe5 Rd7 20. Bxb7 Qxb7 21. Rcd1 Rfd8 22. f4 h6 23. Rxd7 Qxd7 24. Kf1 Qd5 25. Qe4 Qc5 26. Qe3 Qc7 27. Re2 Rd3 28. Qe4 Qc5 29. a3 a5 30. h4 h5 31. Qb7 g6 32. Qa8+ Kg7 33. Qe4 Rd1+ 34. Re1 Rd2 35. Re2 Rd3 36. Re1 b4 37. cxb4 axb4 38. axb4 Qxb4 39. Rc1 Qxb2 40. Qxc4 Rd2 41. Qc6 Rf2+ 42. Kg1 Rxg2+ 43. Qxg2 Qxc1+ 44. Qf1 Qa3 45. Kg2 Kf8 46. Qc4 Qa8+ 47. Kg3 Qh1 48. Qc5+ Kg7 49. Qe7 Qg1+ 50. Kf3 Qg4+ 51. Ke3 Qg3+ 52. Ke4 Qg2+ 53. Ke3 Qd5 54. Qf6+ Kf8 55. Qh8+ Ke7 56. Qf6+ Ke8 57. Qh8+ Kd7 58. Qf6 Qc5+ 59. Kf3 Qf8 60. Kg3 Kc6 61. Kf3 Kd5 62. Ke3 Qc5+ 63. Ke2 Qc2+ 64. Kf3 Qd3+ 65. Kf2 Qf5 66. Qd8+ Ke4 67. Ke2 Qxf4 68. Qd7 Qe3+ 69. Kf1 Qd3+ 0-1

[Event "Lido degli Estensi op 4th"]
[Site "Lido degli Estensi"]
[Date "2003.06.06"]
[Round "1"]
[White "Cetkovic, Sergio"]
[Black "Rotstein, Arkadij"]
[Result "0-1"]
[WhiteElo "2115"]
[BlackElo "2514"]
[PlyCount "66"]
[EventDate "2003.06.06"]
[EventType "swiss"]
[EventRounds "9"]
[EventCountry "ITA"]
[SourceTitle "CBM 094 Extra"]
[Source "ChessBase"]
[SourceDate "2003.07.09"]
[SourceVersion "2"]
[SourceVersionDate "2003.07.09"]
[SourceQuality "1"]

1. d4 Nf6 2. Nf3 c5 3. c3 e6 4. Bg5 Be7 5. e3 b6 6. Nbd2 Bb7 7. Bd3 Nc6 8. 0-0 0-0 9. Qe2 cxd4 10. exd4 Nd5 11. Ne4 f5 12. Nd6 Bxg5 13. Nxb7 Qe7 14. Nxg5 Qxg5 15. Nd6 Rf6 16. Qf3 Raf8 17. Rfe1 Rh6 18. Qg3 Qf6 19. f4 Rg6 20. Qf2 Rg4 21. g3 Nxf4 22. Bf1 Nd5 23. Bh3 Rg6 24. Bg2 f4 25. Bxd5 exd5 26. Nb5 fxg3 27. Qxf6 gxh2+ 28. Kxh2 Rgxf6 29. Rab1 Rh6+ 30. Kg3 Rg6+ 31. Kh3 Rf3+ 32. Kh4 Rgg3 33. Re8+ Kf7 0-1

[Event "Cesenatico op 8th"]
[Site "Cesenatico"]
[Date "2003.??.??"]
[Round "7"]
[White "Peric, Slavisa"]
[Black "Cetkovic, Sergio"]
[Result "1/2-1/2"]
[WhiteElo "1980"]
[BlackElo "2125"]
[PlyCount "96"]
[EventDate "2003.09.??"]
[EventType "swiss"]
[EventRounds "9"]
[EventCountry "ITA"]
[SourceTitle "EXT 2007"]
[Source "ChessBase"]
[SourceDate "2006.11.23"]
[SourceVersion "1"]
[SourceVersionDate "2006.11.23"]
[SourceQuality "1"]

1. d4 d5 2. Nf3 Nf6 3. g3 h6 4. Bg2 c6 5. 0-0 Bf5 6. c4 e6 7. Qb3 Qb6 8. c5 Qxb3 9. axb3 Nbd7 10. b4 Be7 11. Nc3 0-0 12. Bf4 a6 13. h3 Ne4 14. g4 Nxc3 15. bxc3 Be4 16. Nd2 Bxg2 17. Kxg2 f5 18. e3 Bf6 19. Bd6 Rfe8 20. f4 Kf7 21. Ra2 Rg8 22. Kh2 g5 23. gxf5 exf5 24. fxg5 Rxg5 25. Nf3 Rh5 26. Raf2 Rg8 27. Ne1 Re8 28. Ng2 Rg5 29. Rxf5 Rxf5 30. Rxf5 Kg6 31. Rf3 Bg5 32. h4 Bf6 33. Kg3 Bd8 34. Nf4+ Kg7 35. Nd3 Bf6 36. Nf4 Bd8 37. Nh5+ Kg6 38. Nf4+ Kg7 39. Nd3 Kg6 40. Ne5+ Nxe5 41. Bxe5 Rg8 42. Kh3 Re8 43. Kg4 h5+ 44. Kh3 Be7 45. Bg3 Rf8 46. Bf4 Rf7 47. Kg3 Rf5 48. Kh3 Bf6 1/2-1/2

[Event "Mondariz op"]
[Site "Mondariz"]
[Date "1998.??.??"]
[Round "?"]
[White "Cetkovic, Sergio"]
[Black "Paramos Dominguez, Roberto"]
[Result "0-1"]
[WhiteElo "2195"]
[BlackElo "2420"]
[PlyCount "82"]
[EventDate "1998.??.??"]
[EventType "swiss"]
[EventRounds "9"]
[EventCountry "ESP"]
[SourceTitle "EXT 2002"]
[Source "ChessBase"]
[SourceDate "2001.11.25"]
[SourceVersion "1"]
[SourceVersionDate "2001.11.25"]
[SourceQuality "1"]

1. e4 c5 2. c3 Nf6 3. e5 Nd5 4. g3 d6 5. exd6 Qxd6 6. Bg2 Nc6 7. Na3 Nc7 8. Ne2 g6 9. 0-0 Bg7 10. Nc4 Qd7 11. d3 0-0 12. Be3 Ne6 13. Qd2 Rd8 14. Rad1 Rb8 15. Nf4 b5 16. Na3 Nxf4 17. Bxf4 e5 18. Be3 Qd6 19. Bg5 f6 20. Be3 Bg4 21. f3 Be6 22. Qf2 Bf8 23. f4 Be7 24. Bf3 a6 25. c4 Nb4 26. b3 Bf5 27. fxe5 fxe5 28. Bh6 Kh8 29. Nb1 Nxd3 30. Qd2 Qd4+ 31. Be3 Qb2 32. Qa5 e4 33. Rd2 Qg7 34. Bg2 b4 35. g4 Bxg4 36. Bxe4 Ne5 37. Rdf2 Bh3 38. Bd5 Bxf1 39. Rxf1 Rf8 40. Bf4 Nd3 41. Be3 Qe5 0-1

[Event "Mondariz op"]
[Site "Mondariz"]
[Date "1998.??.??"]
[Round "?"]
[White "Kolev, Atanas"]
[Black "Cetkovic, Sergio"]
[Result "1-0"]
[WhiteElo "2540"]
[BlackElo "2195"]
[PlyCount "105"]
[EventDate "1998.??.??"]
[EventType "swiss"]
[EventRounds "9"]
[EventCountry "ESP"]
[SourceTitle "EXT 2002"]
[Source "ChessBase"]
[SourceDate "2001.11.25"]
[SourceVersion "1"]
[SourceVersionDate "2001.11.25"]
[SourceQuality "1"]

1. e4 g6 2. d4 Bg7 3. Nc3 d6 4. Nf3 c6 5. Be2 Nf6 6. 0-0 0-0 7. Re1 b5 8. e5 Ne8 9. Bf4 a6 10. Qd2 Nd7 11. Rad1 Nb6 12. h3 Bf5 13. Bf1 Nd5 14. Nxd5 cxd5 15. c3 f6 16. Qe3 Ra7 17. Nd2 Rb7 18. g4 Bc8 19. exf6 Nxf6 20. Bg2 e6 21. Bg5 Rbf7 22. Re2 Kh8 23. Rde1 Qd7 24. Bh6 Qd8 25. Bg5 Qd7 26. Qg3 Qd8 27. Rxe6 Bxe6 28. Rxe6 b4 29. Rxd6 Qa5 30. Bxf6 Rxf6 31. Rxd5 Qxa2 32. Ne4 Rf4 33. Ng5 Rxf2 34. Ne6 Rxg2+ 35. Qxg2 Re8 36. Nxg7 Kxg7 37. Rd7+ Kh8 38. Qf2 Qe6 39. Rf7 Kg8 40. Rf3 a5 41. cxb4 axb4 42. Qd2 Qe4 43. Kf2 Rc8 44. Qxb4 Qc2+ 45. Kg3 Qc1 46. Qb3+ Kh8 47. Qe3 Qc6 48. Qe5+ Kg8 49. d5 Qc5 50. Qe6+ Kh8 51. Rf7 Qg1+ 52. Kh4 g5+ 53. Kh5 1-0

[Event "Senigallia op 1st"]
[Site "Senigallia"]
[Date "1996.05.26"]
[Round "9"]
[White "Cetkovic, Sergio"]
[Black "Mrdja, Milan"]
[Result "1/2-1/2"]
[WhiteElo "1815"]
[BlackElo "2450"]
[PlyCount "84"]
[EventDate "1996.05.19"]
[EventType "swiss"]
[EventRounds "9"]
[EventCountry "ITA"]
[SourceTitle "EXT 2023"]
[Source "ChessBase"]
[SourceDate "2022.10.05"]
[SourceVersion "1"]
[SourceVersionDate "2022.10.05"]
[SourceQuality "1"]

1. e4 c5 2. c3 Nf6 3. e5 Nd5 4. d4 cxd4 5. Nf3 e6 6. cxd4 d6 7. Be2 Nc6 8. exd6 Bxd6 9. 0-0 0-0 10. Nc3 Nxc3 11. bxc3 Qc7 12. c4 b6 13. Be3 Bb7 14. Rc1 Rfd8 15. Qa4 h6 16. h3 Bf8 17. Rfd1 Ne7 18. Ne5 Nf5 19. Bf3 Bxf3 20. Nxf3 Rac8 21. Qb3 Be7 22. Kh1 Bd6 23. Kg1 Kh8 24. Kh1 Kh7 25. Qd3 Kg8 26. Qb3 Rd7 27. Kg1 Rdd8 28. Kh1 Kh8 29. Kg1 Kg8 30. Kh1 Kf8 31. Kg1 Kg8 32. Kh1 Qe7 33. Kg1 Kh8 34. Kh1 Kh7 35. Kg1 Kg8 36. Qd3 Qc7 37. Qb3 Be7 38. Kh1 Bd6 39. Kg1 Kf8 40. Kh1 Kg8 41. Kg1 Kh8 42. Kh1 Kg8 1/2-1/2

[Event "Senigallia op 1st"]
[Site "Senigallia"]
[Date "1996.05.25"]
[Round "8"]
[White "Drei, Andrea"]
[Black "Cetkovic, Sergio"]
[Result "0-1"]
[WhiteElo "2325"]
[BlackElo "1815"]
[PlyCount "108"]
[EventDate "1996.05.19"]
[EventType "swiss"]
[EventRounds "9"]
[EventCountry "ITA"]
[SourceTitle "EXT 2023"]
[Source "ChessBase"]
[SourceDate "2022.10.05"]
[SourceVersion "1"]
[SourceVersionDate "2022.10.05"]
[SourceQuality "1"]

1. e4 d6 2. d4 Nf6 3. Nc3 c6 4. Nf3 g6 5. h3 Bg7 6. Be3 b5 7. Bd3 a6 8. 0-0 0-0 9. Qd2 Nbd7 10. Bh6 Bb7 11. Bxg7 Kxg7 12. e5 dxe5 13. dxe5 Ne8 14. Rad1 Nc7 15. Bxg6 Nxe5 16. Qe3 Nxf3+ 17. gxf3 Nd5 18. Nxd5 cxd5 19. Bd3 Qd6 20. Rfe1 Rae8 21. Qe5+ Qf6 22. Kh2 Qxe5+ 23. Rxe5 e6 24. Rg1+ Kf6 25. f4 h6 26. Rh5 Rh8 27. Rh4 Bc6 28. b4 Bd7 29. Rhg4 Bc6 30. R4g3 Ra8 31. Be2 Bd7 32. Rc3 Rhc8 33. Rxc8 Rxc8 34. Bd3 Ra8 35. Rb1 Bc6 36. Rb3 d4 37. Bf1 Be4 38. Bg2 Kf5 39. Ra3 Kxf4 40. Rg3 Bxg2 41. Kxg2 Rc8 42. Rd3 e5 43. Rf3+ Ke4 44. Rxf7 Rxc2 45. Rf6 Rxa2 46. Rxh6 d3 47. Rd6 a5 48. bxa5 Rxa5 49. h4 b4 50. h5 b3 51. h6 b2 52. h7 Ra8 53. f3+ Ke3 54. Ra6 Rh8 0-1

[Event "Senigallia op 1st"]
[Site "Senigallia"]
[Date "1996.05.23"]
[Round "6"]
[White "Drasko, Milan"]
[Black "Cetkovic, Sergio"]
[Result "1-0"]
[WhiteElo "2505"]
[BlackElo "1815"]
[PlyCount "83"]
[EventDate "1996.05.19"]
[EventType "swiss"]
[EventRounds "9"]
[EventCountry "ITA"]
[SourceTitle "EXT 2023"]
[Source "ChessBase"]
[SourceDate "2022.10.05"]
[SourceVersion "1"]
[SourceVersionDate "2022.10.05"]
[SourceQuality "1"]

1. d4 d5 2. c4 c6 3. Nf3 Nf6 4. Qc2 e6 5. g3 g6 6. Bg2 Bg7 7. 0-0 0-0 8. Nbd2 Nbd7 9. Rd1 b6 10. e4 dxe4 11. Nxe4 Nxe4 12. Qxe4 Bb7 13. Bg5 Qc7 14. Bf4 Qc8 15. Ne5 Nxe5 16. Bxe5 Rd8 17. Bxg7 Kxg7 18. h4 h5 19. Rd3 Qc7 20. Rad1 Rd7 21. c5 Rad8 22. b4 Kg8 23. g4 Rd5 24. Qe3 Ba6 25. Ra3 Bc4 26. Bxd5 Rxd5 27. Qg3 Qe7 28. g5 bxc5 29. bxc5 a6 30. Rc3 Be2 31. Rd2 Bb5 32. Rb3 a5 33. a4 Bxa4 34. Ra3 Bb5 35. Rxa5 e5 36. Ra8+ Kh7 37. Kh2 exd4 38. Qb8 Rd8 39. Qxd8 Qe5+ 40. Kg2 Qe4+ 41. f3 Bf1+ 42. Kg1 1-0

[Event "Senigallia op 1st"]
[Site "Senigallia"]
[Date "1996.05.20"]
[Round "2"]
[White "Brumat, Giorgio"]
[Black "Cetkovic, Sergio"]
[Result "1/2-1/2"]
[WhiteElo "1828"]
[BlackElo "1815"]
[PlyCount "82"]
[EventDate "1996.05.19"]
[EventType "swiss"]
[EventRounds "9"]
[EventCountry "ITA"]
[SourceTitle "EXT 2023"]
[Source "ChessBase"]
[SourceDate "2022.10.05"]
[SourceVersion "1"]
[SourceVersionDate "2022.10.05"]
[SourceQuality "1"]

1. e4 d6 2. d4 Nf6 3. Nc3 g6 4. f4 Bg7 5. Nf3 0-0 6. e5 Nfd7 7. h4 c5 8. h5 cxd4 9. Qxd4 Nc6 10. Qf2 e6 11. hxg6 hxg6 12. Ng5 dxe5 13. Nce4 Re8 14. Bd2 Qb6 15. Qxb6 Nxb6 16. Nd6 Re7 17. 0-0-0 Nd5 18. Bc4 Nxf4 19. Bxf4 exf4 20. Rdf1 Nd8 21. Rxf4 Be5 22. Rfh4 Bd7 23. Nde4 Bc6 24. Nf3 Bg7 25. Bd3 Bxe4 26. Bxe4 Nc6 27. Bxc6 bxc6 28. Rc4 Rc7 29. Rd1 c5 30. c3 a5 31. Kc2 Bf6 32. Nd4 a4 33. Nb5 Rc6 34. Nd6 Be7 35. Ne4 Ra7 36. g4 f5 37. gxf5 exf5 38. Nf2 Re6 39. Nd3 Re2+ 40. Rd2 Rxd2+ 41. Kxd2 a3 1/2-1/2